000 00406nam a2200133Ia 4500
005 20260328101450.0
008 260328s9999||||xx |||||||||||||| ||und||
100 _aLópez de Asiaín, Jaime
245 0 _aIntegración Arquitectónica de instalaciones de Energía solar térmica /
_cJaime López de Asiaín
260 _bJunta de Andalucía
300 _a43 p.
650 _aARQUITECTURA Y CLIMA
942 _cBK
999 _c8605
_d8605